000
00337pab a2200145 454500
008
180718b2004 xxu||||| |||| 00| 0 eng d
100
_a
Ingle, Stephen
245
_a
Politics: the year the war was spun
260
_c
2004
300
_a
p.237-52.
362
_a
Apr
650
_a
War
773
_a
Parliamentary Affairs
909
_a
60890
999
_c
60890
_d
60890